Death on the Nile : uncovering the afterlife of ancient Egypt /
Corporate Author:
Other Authors: , ,
Format: Book
Language: English
Published:
London :
GILES,
[2016].
Subjects:
Tags: Add Tag
Call Number: DT59 .F5 D43 2016
| LEADER | 00926nam a2200265Ia 4500 | ||
|---|---|---|---|
| 003 | OSt | ||
| 005 | 20260517123330.0 | ||
| 008 | 220401s2016 enkab bc 001 0 eng d | ||
| 020 | |a 9781907804717 | ||
| 040 | |c ARCE Library | ||
| 050 | 4 | |a DT59 .F5 D43 2016 | |
| 245 | 0 | 0 | |a Death on the Nile : |b uncovering the afterlife of ancient Egypt / |c foreword by Tim Knox ; curators and editors, Julie Dawson and Helen Strudwick. |n |
| 264 | 1 | |a London : |b GILES, |c [2016]. | |
| 300 | |a 256 pages : |b illustrations (chiefly color), color map ; |c 30 cm. | ||
| 504 | |a Includes bibliographical references and index. | ||
| 610 | 2 | 0 | |a Fitzwilliam Museum |v Exhibitions. |
| 650 | 0 | |a Coffins |z Egypt |v Exhibitions. | |
| 651 | 0 | |a Egypt |x Antiquities |v Exhibitions. | |
| 700 | 1 | |a Dawson, Julie. | |
| 700 | 1 | |a Strudwick, Helen. | |
| 700 | 1 | |a Knox, Tim. | |
| 710 | 2 | |a Fitzwilliam Museum. | |
| 901 | |a reviewed | ||
| 942 | |2 lcc |c BK | ||
| 999 | |c 47036 |d 47036 | ||
